Minecraft Wood Types - Sudden Death - Statistics

General Stats
  • This quiz has been taken 621 times
  • The average score is 9 of 11
Answers on the Grid
Answers color-coded by a green-red scale on the quiz's grid according to % correct below.
Birch
Oak
Spruce
Dark Oak
Pale Oak
Cherry
Mangrove
Jungle
Acacia
Crimson
Warped
Cedar
Maple
Red
Willow
Enchanted
Dead
White Oak
Orchard
Cypress
Evergreen
Gum
Charred
Ender Oak
 
Answer Stats
Answer % Correct
Oak
89%
Birch
85%
Dark Oak
85%
Acacia
84%
Jungle
84%
Spruce
83%
Cherry
80%
Mangrove
76%
Warped
71%
Crimson
70%
Pale Oak
62%
No matching quizzes found
Score Distribution
Percent of People with Each Score
Percentile by Number Answered
Your Score History
You have not taken this quiz